Państwa z Więcej Niż Jednym Słowem w Nazwie - Statystyki

Ogólne statystyki
  • Ten quiz został rozwiązany 40 razy
  • Średni wynik to 26 z 31
Statystyki odpowiedzi
Kontynent Słowa Państwo % Poprawnych
Oceania 2 Nowa Zelandia
100%
Afryka 3 Republika Południowej Afryki
100%
Europa 2 Wielka Brytania
97%
Europa 3 Bośnia i Hercegowina
94%
Afryka 3 Demokratyczna Republika Konga
91%
Azja 2 Korea Północna
91%
Azja 2 Korea Południowa
91%
Europa 2 Macedonia Północna
91%
Afryka 2 Republika Środkowoafrykańska
91%
Ameryka Północna 4 Saint Kitts i Nevis
91%
Ameryka Północna 3 Antigua i Barbuda
88%
Oceania 3 Papua-Nowa Gwinea
88%
Afryka 3 Republika Zielonego Przylądka
88%
Ameryka Północna 2 Saint Lucia
88%
Ameryka Północna 2 Stany Zjednoczone
88%
Oceania 2 Wyspy Marshalla
88%
Ameryka Północna 4 Saint Vincent i Grenadyny
84%
Ameryka Północna 3 Trynidad i Tobago
84%
Azja 2 Arabia Saudyjska
81%
Europa 2 San Marino
81%
Oceania 2 Wyspy Salomona
81%
Afryka 5 Wyspy Świętego Tomasza i Książęca
81%
Azja 3 Zjednoczone Emiraty Arabskie
81%
Afryka 2 Burkina Faso
78%
Afryka 3 Wybrzeże Kości Słoniowej
78%
Afryka 2 Gwinea-Bissau
75%
Afryka 2 Gwinea Równikowa
72%
Afryka 2 Sudan Południowy
72%
Afryka 2 Sierra Leone
69%
Azja 2 Sri Lanka
66%
Azja 2 Timor Wschodni
66%
Nie znaleziono quizów pasujących do podanych kryteriów
Rozkład punktacji
Procent ludzi z każdym wynikiem
Percentyl według liczby udzielonych odpowiedzi
Twoja historia wyników
Nie rozwiązałeś tego quizu